| 000 -LEADER |
| fixed length control field |
00442nam a22001457a 4500 |
| 008 - FIXED-LENGTH DATA ELEMENTS--GENERAL INFORMATION |
| fixed length control field |
200219b ||||| |||| 00| 0 eng d |
| 100 ## - MAIN ENTRY--PERSONAL NAME |
| Personal name |
Bocola, Luigi |
| 245 ## - TITLE STATEMENT |
| Title |
Self-fulfilling debt crises: A quantitative analysis |
| 260 ## - PUBLICATION, DISTRIBUTION, ETC. (IMPRINT) |
| Name of publisher, distributor, etc |
American Economic Review |
| 300 ## - PHYSICAL DESCRIPTION |
| Extent |
109(12), Dec, 2019: p.4343-4377. |
| 700 ## - ADDED ENTRY--PERSONAL NAME |
| Personal name |
Dovis, Alessandro |
| 9 (RLIN) |
16240 |
| 773 ## - HOST ITEM ENTRY |
| Main entry heading |
American Economic Review |
| 906 ## - LOCAL DATA ELEMENT F, LDF (RLIN) |
| Subject DIP |
External debt |
| 942 ## - ADDED ENTRY ELEMENTS (KOHA) |
| Source of classification or shelving scheme |
|
| Item type |
Articles |